| 000 | 00418cam a2200169ua 4500 | ||
|---|---|---|---|
| 020 | _c35.00 | ||
| 041 |
_aeng _h |
||
| 082 |
_a519.5 _bAST/EL |
||
| 100 | _aAsthana, B.N . | ||
| 245 |
_aElements of statistics / _cB.N.Asthana. _hTextual Documents |
||
| 260 |
_aAllahabad : _bChaithanya Publishing House , _c1984. |
||
| 300 | _a663 ; . | ||
| 365 | _a35.00 | ||
| 504 | _a | ||
| 942 | _cBK | ||
| 999 |
_c9888 _d9888 |
||